000 00660nam a2200145Ia 4500
001 4052
008 241024s9999 xx 000 0 und d
082 _aRD/371.2/R426r/2014
100 _aRepública Dominicana. Cámara de Cuentas de la República
245 0 _aResolución AUD-2014-016 emanada de la sesión ordinadria celebrada por el pleno en fecha 6 de mayo del 2014. Informe Legal. Informe de auridtoría Financiera y de gestión practicada por la Cámara de Ccuentas de la república, al Ministerio de Educación de la República Dominicana (MINERD).
260 _bSanto Domingo
_c2014
590 _asi
901 _a29/2/2016 2:50:44 p.m.
999 _c8873
_d8873